[Event "13sen.WMH 2003 Senioren"]
[Site "Bad Zwischenahn(17.11.-29.11.2003)"]
[Date "2003.11.29"]
[Round "7"]
[White "Becker, Guenter[40Steinb]"]
[Black "Till, Heinz"]
[Result "1-0"]
[WhiteElo "1669"]
[BlackElo "1363"]
[PlyCount "73"]


1. c4 e5 2. Nc3 Nc6 3. g3 Bc5 4. Bg2 Nge7 5. e3 a6 6. Nge2 O-O 7. d4 exd4 8.
exd4 Ba7 9. O-O d6 10. h3 Bd7 11. b3 Rb8 12. a4 Nf5 13. d5 Nce7 14. Bb2 Nh6 15.
Qd2 Ng6 16. Kh2 f5 17. f4 Nf7 18. Nd4 Re8 19. Nd1 h5 20. h4 Nh6 21. Bh3 Ng4+
22. Bxg4 hxg4 23. h5 Nf8 24. Ne3 Bxd4 25. Qxd4 Re7 26. Kg2 Qe8 27. Rh1 Qf7 28.
h6 Qg6 29. hxg7 Rxg7 30. Rh4 Re8 31. Rah1 Nh7 32. Kf2 c5 33. dxc6 bxc6 34. Rh6
Qf7 35. Qd3 Rg6 36. Qd4 Nf6 37. Rh8+ 1-0

[Event "13sen.WMH 2003 Senioren"]
[Site "Bad Zwischenahn(17.11.-29.11.2003)"]
[Date "2003.11.29"]
[Round "7"]
[White "Bierwisch, Bernhard"]
[Black "Mayers_Lorien, Dan E."]
[Result "1-0"]
[WhiteElo "2109"]
[BlackElo "1997"]
[PlyCount "97"]


1. e4 e6 2. d4 d5 3. Nc3 Nf6 4. e5 Nfd7 5. f4 c5 6. Nf3 f5 7. Be3 Nc6 8. Bb5
Qb6 9. dxc5 Bxc5 10. Bxc5 Nxc5 11. Qd4 Bd7 12. Bxc6 bxc6 13. b4 Na6 14. Rb1 O-O
15. Na4 Qb5 16. Nc5 Nxc5 17. Qxc5 Qxc5 18. bxc5 Rab8 19. Kd2 Kf7 20. Nd4 Ke7
21. c3 h6 22. h4 Rxb1 23. Rxb1 Ra8 24. Rb4 Kd8 25. Kc2 Kc7 26. c4 dxc4 27. Rxc4
Rg8 28. Ra4 Kb7 29. Rb4+ Kc7 30. Ra4 Kb7 31. Nf3 Rd8 32. Rd4 Kc7 33. Rd6 Rg8
34. Kc3 g6 35. g3 Rg7 36. Nd4 Re7 37. Kd3 Re8 38. Ke3 Re7 39. Kf3 Re8 40. g4
Re7 41. h5 fxg4+ 42. Kxg4 gxh5+ 43. Kxh5 Rf7 44. f5 Be8 45. Nxe6+ Kb8 46. Kg4
Bd7 47. Nd4 Rg7+ 48. Kf4 Rg1 49. Rxd7 1-0

[Event "13sen.WMH 2003 Senioren"]
[Site "Bad Zwischenahn(17.11.-29.11.2003)"]
[Date "2003.11.29"]
[Round "7"]
[White "Bitzer, Dieter"]
[Black "Perk, Egbert"]
[Result "0-1"]
[WhiteElo "1735"]
[BlackElo "1883"]
[PlyCount "84"]


1. e4 d6 2. d4 Nd7 3. Nf3 c6 4. Bc4 e6 5. O-O d5 6. exd5 cxd5 7. Bb3 Be7 8. Nc3
Ngf6 9. Bf4 a6 10. Ne2 b5 11. a4 Bb7 12. c3 O-O 13. Qd3 bxa4 14. Rxa4 Nb6 15.
Ra2 Rc8 16. Nd2 Bd6 17. Bg5 Bxh2+ 18. Kh1 Bd6 19. Bc2 g6 20. Bh6 Re8 21. Qh3 e5
22. g3 e4 23. Bg5 Be7 24. Kg2 Qd7 25. Qh4 Nh5 26. g4 Bxg5 27. Qxg5 f6 28. Qh4
Ng7 29. Rh1 Ne6 30. Nf1 Ng5 31. Ng1 Qe7 32. Ne3 Ne6 33. Ne2 Rc7 34. Bb3 Rf8 35.
Qh3 Qd6 36. Qh6 Ng5 37. Ng3 Qf4 38. Raa1 Ne6 39. Qxf4 Nxf4+ 40. Kf1 Bc8 41.
Nxe4 Nc4 42. Nxd5 Nxd5 0-1

[Event "13sen.WMH 2003 Senioren"]
[Site "Bad Zwischenahn(17.11.-29.11.2003)"]
[Date "2003.11.29"]
[Round "7"]
[White "Boehm, Karl"]
[Black "Giering, Gregor"]
[Result "0-1"]
[WhiteElo "1615"]
[BlackElo "1752"]
[PlyCount "120"]


1. d4 e6 2. c4 Nf6 3. Nc3 b6 4. Bg5 Be7 5. Nf3 Bb7 6. e3 O-O 7. Be2 d6 8. O-O
Nbd7 9. a3 h6 10. Bh4 Ne4 11. Bxe7 Qxe7 12. Nxe4 Bxe4 13. Nd2 Bb7 14. Bf3 Bxf3
15. Qxf3 c5 16. Ne4 f5 17. Nc3 Rac8 18. b3 Qf6 19. Nb5 a6 20. Nxd6 Rc7 21. dxc5
Nxc5 22. b4 Nd3 23. Qe2 Ne5 24. c5 bxc5 25. bxc5 Rxc5 26. Rfc1 Rd5 27. Nc4 Nd3
28. Rd1 Rfd8 29. Rab1 Qc3 30. Nb6 R5d6 31. h3 Kh7 32. Qa2 e5 33. Qb3 Qc6 34.
Nc4 Rg6 35. e4 Qxe4 36. Ne3 f4 37. Ng4 h5 38. Qb7 Qxb7 39. Rxb7 hxg4 40. hxg4
Rgd6 41. Rdb1 Nc5 42. Re7 Rd1+ 43. Rxd1 Rxd1+ 44. Kh2 Nd3 45. f3 Ra1 46. a4
Rxa4 47. Rd7 Rd4 48. Ra7 Nc5 49. Rc7 Nd3 50. Rc2 a5 51. Ra2 a4 52. Kh3 Nc1 53.
Ra3 Nb3 54. g5 Kg6 55. Kg4 Rb4 56. Ra2 Nc5 57. Rc2 Rb5 58. Rd2 Nb7 59. Rc2 Rb6
60. Re2 a3 0-1

[Event "13sen.WMH 2003 Senioren"]
[Site "Bad Zwischenahn(17.11.-29.11.2003)"]
[Date "2003.11.29"]
[Round "7"]
[White "Boeven, Manfred"]
[Black "Ljubarskij, Jurij"]
[Result "0-1"]
[WhiteElo "2005"]
[BlackElo "2212"]
[PlyCount "66"]


1. d4 d5 2. Nc3 Bf5 3. f3 e6 4. e4 Bg6 5. Bd3 Bb4 6. Nge2 Ne7 7. Be3 Nbc6 8.
O-O O-O 9. a3 Ba5 10. exd5 exd5 11. Ng3 Bb6 12. Nce2 Ne5 13. Bxg6 hxg6 14. Bf4
Nd7 15. Kh1 Re8 16. c3 Nf8 17. Qd2 Ne6 18. Rfe1 Qd7 19. Nc1 Nxf4 20. Qxf4 c6
21. Nd3 f6 22. Re2 g5 23. Qd2 Ng6 24. Rae1 Kf7 25. Rxe8 Rxe8 26. Rxe8 Qxe8 27.
Nf5 Bc7 28. g3 Qe6 29. Ne3 b6 30. Ng2 Bd6 31. Qe3 Qh3 32. Nf2 Qh7 33. Nd3 Bxg3
0-1

[Event "13sen.WMH 2003 Senioren"]
[Site "Bad Zwischenahn(17.11.-29.11.2003)"]
[Date "2003.11.29"]
[Round "7"]
[White "Bolduan, Albrecht"]
[Black "Bartle, Georg"]
[Result "0-1"]
[WhiteElo "1368"]
[BlackElo "1682"]
[PlyCount "60"]


1. d4 f5 2. g3 Nf6 3. Bg2 g6 4. c4 Bg7 5. b3 O-O 6. Bb2 d6 7. Nh3 Qe8 8. Nc3
Nc6 9. Rb1 a6 10. Nf4 e5 11. Ncd5 Nxd5 12. Bxd5+ Kh8 13. Bxc6 Qxc6 14. d5 Qe8
15. Ng2 Qf7 16. Bc1 f4 17. O-O Bh3 18. Bb2 g5 19. f3 Qg6 20. g4 h5 21. Qd3 Qh6
22. gxh5 Bf5 23. Nxf4 Bxd3 24. Rbd1 gxf4 25. exd3 Rf5 26. Kf2 Rxh5 27. Rg1
Rxh2+ 28. Rg2 Qh4+ 29. Kf1 Rh1+ 30. Ke2 Rxd1 0-1

[Event "13sen.WMH 2003 Senioren"]
[Site "Bad Zwischenahn(17.11.-29.11.2003)"]
[Date "2003.11.29"]
[Round "7"]
[White "Bomert, Egon"]
[Black "Wiesner, Werner"]
[Result "1/2-1/2"]
[WhiteElo "1942"]
[BlackElo "2031"]
[PlyCount "54"]


1. Nf3 d5 2. d4 Nf6 3. c4 e6 4. Bg5 Be7 5. Nc3 Nbd7 6. e3 h6 7. Bf4 c6 8. c5
Nh5 9. Be5 Nxe5 10. Nxe5 Nf6 11. Bd3 Bd7 12. O-O Qc7 13. b4 O-O 14. Bc2 b5 15.
Qd3 Rfb8 16. e4 dxe4 17. Nxe4 Nxe4 18. Qxe4 f5 19. Qe2 Bf6 20. Bb3 Re8 21. a4
Bxe5 22. dxe5 a5 23. Qd2 bxa4 24. Rxa4 axb4 25. Rxa8 Rxa8 26. Rd1 Ra7 27. f4
Qa5 1/2-1/2

[Event "13sen.WMH 2003 Senioren"]
[Site "Bad Zwischenahn(17.11.-29.11.2003)"]
[Date "2003.11.29"]
[Round "7"]
[White "Bromberger, Guenter"]
[Black "Stock, Hugo"]
[Result "1/2-1/2"]
[WhiteElo "1413"]
[BlackElo "1614"]
[PlyCount "41"]


1. d4 Nf6 2. c4 e6 3. g3 d5 4. e3 a6 5. Bg2 Nbd7 6. cxd5 exd5 7. Ne2 Bd6 8. O-O
O-O 9. Nbc3 c6 10. a3 Re8 11. Qc2 Nf8 12. e4 dxe4 13. Nxe4 Bf5 14. N2c3 Kh8 15.
Re1 Nd5 16. Bd2 Bc7 17. Qc1 Nxc3 18. bxc3 Ne6 19. Ng5 Nxg5 20. Rxe8+ Qxe8 21.
Bxg5 1/2-1/2

[Event "13sen.WMH 2003 Senioren"]
[Site "Bad Zwischenahn(17.11.-29.11.2003)"]
[Date "2003.11.29"]
[Round "7"]
[White "Buss, Richard"]
[Black "Steinbach, Horst"]
[Result "1-0"]
[WhiteElo "1404"]
[BlackElo "1497"]
[PlyCount "41"]


1. d4 Nf6 2. c4 e5 3. dxe5 Ng4 4. Nf3 Nc6 5. e3 Ngxe5 6. Nxe5 Nxe5 7. Nc3 Be7
8. Be2 O-O 9. O-O d6 10. Nd5 Be6 11. b3 c6 12. Nxe7+ Qxe7 13. Bb2 Rad8 14. f4
Rfe8 15. fxe5 dxe5 16. Qc2 Qg5 17. Rf3 e4 18. Rg3 Qh4 19. Rxg7+ Kf8 20. Rg3 Qe7
21. Bg7+ 1-0

[Event "13sen.WMH 2003 Senioren"]
[Site "Bad Zwischenahn(17.11.-29.11.2003)"]
[Date "2003.11.29"]
[Round "7"]
[White "Chehlov, Alexander"]
[Black "Maugg, Ludwig"]
[Result "1-0"]
[WhiteElo "2246"]
[BlackElo "2043"]
[PlyCount "67"]


1. e4 c5 2. Nf3 Nc6 3. Bb5 g6 4. O-O Bg7 5. c3 Nf6 6. Re1 O-O 7. d4 cxd4 8.
cxd4 d5 9. e5 Ne4 10. Bxc6 bxc6 11. Nbd2 Nxd2 12. Nxd2 c5 13. dxc5 Qc7 14. Qe2
Qxc5 15. Nb3 Qc4 16. Qe3 Rd8 17. Nd4 Bb7 18. b3 Qa6 19. a4 Rac8 20. Ba3 Rd7 21.
Rac1 Rdc7 22. Rxc7 Rxc7 23. f4 Qb6 24. h3 a6 25. Kh2 Bf8 26. e6 f5 27. Rd1 Bg7
28. Bb2 Bc8 29. Re1 Qd6 30. Kh1 Qb4 31. Re2 Bf6 32. Nc2 Qe4 33. Bxf6 Rxc2 34.
Qxe4 1-0

[Event "13sen.WMH 2003 Senioren"]
[Site "Bad Zwischenahn(17.11.-29.11.2003)"]
[Date "2003.11.29"]
[Round "7"]
[White "Daitche, Josef"]
[Black "Oser, Thor"]
[Result "0-1"]
[WhiteElo "1649"]
[BlackElo "1722"]
[PlyCount "113"]


1. Nf3 Nf6 2. c4 d6 3. d4 h6 4. Nc3 Bf5 5. e3 e6 6. Bd3 Bxd3 7. Qxd3 Nbd7 8. b4
Be7 9. O-O c6 10. Bb2 d5 11. c5 Qc7 12. Rfe1 a6 13. Ne2 Ne4 14. Nd2 f5 15. f3
Nef6 16. Nf4 Nf8 17. Nf1 g5 18. Ne2 h5 19. Nd2 h4 20. e4 Qd7 21. e5 Ng8 22. a4
Nh6 23. Nc3 f4 24. Bc1 Nf5 25. a5 h3 26. Nf1 hxg2 27. Kxg2 Bd8 28. Re2 Qh7 29.
Kg1 Ng3 30. Rd2 Qxd3 31. Rxd3 Nxf1 32. Kxf1 Rxh2 33. Nd1 Ng6 34. Kg1 Rh7 35.
Nf2 Ne7 36. Ng4 Nf5 37. Bb2 Be7 38. Re1 Kf7 39. Rd2 Rah8 40. Rh2 Rh3 41. Rxh3
Rxh3 42. Kf2 Kg6 43. Rf1 Nh6 44. Nxh6 Rxh6 45. Rg1 Kf5 46. Rg2 Rh4 47. Bc3 g4
48. Be1 Bg5 49. fxg4+ Rxg4 50. Rh2 Bh4+ 51. Ke2 Bxe1 52. Kxe1 Ke4 53. Rh7 Kxd4
54. Rxb7 Ke3 55. Kf1 f3 56. Rf7 Rxb4 57. Rf6 0-1

[Event "13sen.WMH 2003 Senioren"]
[Site "Bad Zwischenahn(17.11.-29.11.2003)"]
[Date "2003.11.29"]
[Round "7"]
[White "Dirksen, Arno"]
[Black "Gestrich, Wolfgang,Prof.Dr."]
[Result "1/2-1/2"]
[WhiteElo "1678"]
[BlackElo "1401"]
[PlyCount "49"]


1. e4 e5 2. f4 exf4 3. Nf3 g5 4. Bc4 d6 5. Nc3 Be6 6. Bxe6 fxe6 7. Nd4 Qe7 8.
Qh5+ Kd8 9. Qg4 Kd7 10. h4 Bg7 11. Nf3 h5 12. Qxg5 Qxg5 13. Nxg5 Bxc3 14. bxc3
Nf6 15. d4 e5 16. Rf1 Ke7 17. Ba3 Nbd7 18. Kd2 c5 19. Bb2 Nh7 20. Nf3 Rhg8 21.
Rf2 Rg3 22. Re1 Rag8 23. Ree2 Nhf6 24. Ne1 Ng4 25. Rf3 1/2-1/2

[Event "13sen.WMH 2003 Senioren"]
[Site "Bad Zwischenahn(17.11.-29.11.2003)"]
[Date "2003.11.29"]
[Round "7"]
[White "Erbs, Wolfgang"]
[Black "Fischer, Paul[37Hiltrup]"]
[Result "1-0"]
[WhiteElo "1727"]
[BlackElo "1745"]
[PlyCount "63"]


1. e4 Nc6 2. Nf3 d6 3. Bc4 Bg4 4. Bxf7+ Kxf7 5. Ng5+ Ke8 6. Qxg4 Nh6 7. Qd1 e5
8. d3 Qf6 9. Nc3 Kd7 10. Nd5 Qd8 11. c3 Ne7 12. Qf3 Nxd5 13. Qh3+ Kc6 14. exd5+
Kb6 15. Be3+ Ka6 16. Qh4 Qd7 17. Ne6 Nf5 18. Qc4+ b5 19. Qxc7 Qxc7 20. Nxc7+
Kb7 21. Nxa8 Kxa8 22. a4 b4 23. g4 Ne7 24. c4 h5 25. g5 Nf5 26. Ke2 h4 27. Raf1
Be7 28. Rhg1 Rh5 29. f4 Bd8 30. fxe5 g6 31. e6 Nxe3 32. Rf8 1-0

[Event "13sen.WMH 2003 Senioren"]
[Site "Bad Zwischenahn(17.11.-29.11.2003)"]
[Date "2003.11.29"]
[Round "7"]
[White "Fahnenschmidt, Gerhard,Dr."]
[Black "Klein, Leo"]
[Result "1-0"]
[WhiteElo "2087"]
[BlackElo "1956"]
[PlyCount "71"]


1. d4 Nf6 2. c4 e5 3. dxe5 Ng4 4. e3 Nxe5 5. Nh3 Bb4+ 6. Bd2 Bxd2+ 7. Qxd2 d6
8. Nf4 O-O 9. Be2 Be6 10. Nxe6 fxe6 11. O-O Nbd7 12. Nc3 Nf6 13. f4 Ned7 14.
Bf3 Rb8 15. g4 a6 16. g5 Ne8 17. Qg2 c6 18. Bg4 Qe7 19. Rad1 Nb6 20. Qh3 e5 21.
g6 h6 22. fxe5 dxe5 23. Be6+ Kh8 24. Rf7 Qg5+ 25. Kh1 Nf6 26. Rg1 Qh5 27. Rxf6
Qxh3 28. Rxf8+ Rxf8 29. Bxh3 Nxc4 30. Ne4 Nxe3 31. Be6 b6 32. Nd6 Rf6 33. Nf7+
Kg8 34. Bb3 Kf8 35. Nxe5 Rf2 36. Re1 1-0

[Event "13sen.WMH 2003 Senioren"]
[Site "Bad Zwischenahn(17.11.-29.11.2003)"]
[Date "2003.11.29"]
[Round "7"]
[White "Fanenbruck, Guenter"]
[Black "Haupt, Joachim"]
[Result "1/2-1/2"]
[WhiteElo "1593"]
[BlackElo "1755"]
[PlyCount "39"]


1. e4 c5 2. Nf3 Nc6 3. c3 d6 4. d4 cxd4 5. cxd4 e6 6. Nc3 Nf6 7. Bd3 Be7 8. O-O
O-O 9. Re1 a6 10. a3 b5 11. Bg5 Nd7 12. Bxe7 Nxe7 13. Rc1 Bb7 14. Ne2 Qb6 15.
Ng3 Rac8 16. Qe2 Nc6 17. e5 g6 18. Rcd1 Ne7 19. Be4 Bd5 20. h4 1/2-1/2

[Event "13sen.WMH 2003 Senioren"]
[Site "Bad Zwischenahn(17.11.-29.11.2003)"]
[Date "2003.11.29"]
[Round "7"]
[White "Farin, Friedrich"]
[Black "Stiemerling, Karl-Heinz"]
[Result "1/2-1/2"]
[WhiteElo "1393"]
[BlackElo "1623"]
[PlyCount "168"]


1. d4 d5 2. Nc3 c6 3. e4 dxe4 4. Nxe4 Bf5 5. Ng3 Bg6 6. Nf3 h6 7. Ne5 Bh7 8.
Bd3 Bxd3 9. Qxd3 Qd6 10. Ne4 Qe6 11. Nc5 Qc8 12. Qf3 Nf6 13. g4 e6 14. Ne4 Qd8
15. Be3 Be7 16. O-O-O Qd5 17. Nxf6+ gxf6 18. Qxd5 cxd5 19. Nd3 Nc6 20. f4 O-O-O
21. a3 b6 22. b4 Rdg8 23. Rhg1 h5 24. g5 fxg5 25. fxg5 Rg6 26. h4 Bd6 27. Rdf1
Rg7 28. Rf3 f5 29. gxf6 Rxg1+ 30. Bxg1 Rg8 31. Be3 Bf8 32. f7 Rg4 33. Rf6 Kd7
34. Nf4 Nd8 35. Ng6 Rxg6 36. Rxg6 Nxf7 37. c3 a5 38. Kc2 a4 39. Kd3 b5 40. Rg8
Ke8 41. Rg6 Kd7 42. Bg5 e5 43. Rf6 e4+ 44. Ke2 Ke8 45. Re6+ Kd7 46. Rb6 Nd6 47.
Rb8 Bg7 48. Bf4 Bf6 49. Bxd6 Kxd6 50. Rxb5 Bxh4 51. Rb6+ Kc7 52. Rh6 Bg5 53.
Rxh5 Bc1 54. Rxd5 Bxa3 55. Ke3 Bb2 56. Rc5+ Kb6 57. Kxe4 a3 58. Kd3 a2 59. Ra5
a1=Q 60. Rxa1 Bxa1 61. c4 Bb2 62. d5 Ba3 63. Kc3 Kc7 64. c5 Kd7 65. Kc4 Kc7 66.
b5 Bc1 67. b6+ Kb7 68. Kb5 Bf4 69. c6+ Kc8 70. Ka6 Kb8 71. Kb5 Bd6 72. Ka6 Ka8
73. Kb5 Kb8 74. c7+ Kb7 75. Ka5 Bf4 76. Kb5 Bd6 77. c8=Q+ Kxc8 78. Kc6 Bf4 79.
d6 Kb8 80. d7 Bg5 81. Kd6 Kb7 82. Ke6 Bd8 83. Kf7 Kxb6 84. Ke8 Kc7 1/2-1/2

[Event "13sen.WMH 2003 Senioren"]
[Site "Bad Zwischenahn(17.11.-29.11.2003)"]
[Date "2003.11.29"]
[Round "7"]
[White "Filzmaier, Bruno"]
[Black "Glaser, Heinz-Alfred"]
[Result "1/2-1/2"]
[WhiteElo "1784"]
[BlackElo "1683"]
[PlyCount "102"]


1. a3 e5 2. e3 d5 3. d4 Bd6 4. dxe5 Bxe5 5. Nf3 Bd6 6. c4 Be6 7. cxd5 Bxd5 8.
Nc3 Be6 9. Be2 Nf6 10. e4 Be7 11. O-O O-O 12. Qc2 Nc6 13. h3 Nd4 14. Nxd4 Qxd4
15. Be3 Qd8 16. Rfd1 Qc8 17. Nd5 Nxd5 18. exd5 Bf5 19. Bd3 Bxd3 20. Rxd3 Bd6
21. Rc1 Qf5 22. Rd4 Qxc2 23. Rxc2 f6 24. Bf4 Bxf4 25. Rxf4 Rf7 26. Rfc4 Rc8 27.
b4 Rd7 28. a4 a6 29. Rc5 Kf8 30. b5 b6 31. Rc6 axb5 32. axb5 Rxd5 33. Rxb6 Ke7
34. Rb7 Kd8 35. b6 Rd7 36. bxc7+ Rdxc7 37. Rbxc7 Rxc7 38. Re2 Re7 39. Kf1 Kd7
40. Rd2+ Ke8 41. f4 Kf7 42. Kf2 h5 43. Kf3 g5 44. Rd5 Kg6 45. f5+ Kf7 46. g4 h4
47. Rd4 Re1 48. Rd7+ Re7 49. Rd8 Kg7 50. Rc8 Kf7 51. Rc4 Re5 1/2-1/2

[Event "13sen.WMH 2003 Senioren"]
[Site "Bad Zwischenahn(17.11.-29.11.2003)"]
[Date "2003.11.29"]
[Round "7"]
[White "Frauenfelder, Rudolf"]
[Black "Jakoby, Hans"]
[Result "1/2-1/2"]
[WhiteElo "1926"]
[BlackElo "1785"]
[PlyCount "152"]


1. c4 Nf6 2. Nc3 d6 3. g3 e5 4. Bg2 Nc6 5. e3 Bf5 6. d4 exd4 7. exd4 Qd7 8.
Bxc6 Qxc6 9. Qe2+ Be7 10. d5 Qd7 11. Bd2 O-O-O 12. O-O-O Rde8 13. f3 h5 14. Qf2
b6 15. Nge2 Bd3 16. b3 Bxe2 17. Nxe2 Nh7 18. Nd4 Bf6 19. Nc6 a5 20. Rhe1 Qf5
21. h4 Kd7 22. f4 g5 23. Rxe8 Rxe8 24. Re1 Rxe1+ 25. Bxe1 gxh4 26. gxh4 Qd3 27.
Qc2 Qe3+ 28. Qd2 Qe4 29. Bf2 Nf8 30. Nd4 Qh1+ 31. Kc2 Bxh4 32. Bxh4 Qxh4 33. f5
Qf6 34. Kd3 Nh7 35. Qf4 Ng5 36. Qh4 Qh6 37. a3 Nh7 38. Qh3 Ng5 39. Qe3 Qf6 40.
Qf4 Nh3 41. Qg3 Ng5 42. Qh4 Qh6 43. a4 Nh7 44. Qh1 Nf6 45. Qh4 Ng4 46. Nc2 Ne5+
47. Ke2 Qc1 48. Qe4 h4 49. f6 Qg5 50. Ne3 Qh5+ 51. Kf2 h3 52. Qf5+ Qxf5+ 53.
Nxf5 Nd3+ 54. Kg3 Nc5 55. Nd4 Ne4+ 56. Kxh3 Nxf6 57. Kg3 Ke7 58. Kf4 Ne8 59.
Kf5 Kd7 60. Nc6 Kc8 61. Kg5 Kd7 62. Kh6 Kc8 63. Kg5 Kd7 64. Kh6 Kc8 65. Kh7 f5
66. Kg6 f4 67. Nd4 Kd7 68. Kg5 f3 69. Nxf3 c6 70. Kf5 cxd5 71. cxd5 Nc7 72. Ke4
b5 73. axb5 Nxb5 74. Nd4 Nc7 75. Nc6 Nb5 76. Kd3 Nc7 1/2-1/2

[Event "13sen.WMH 2003 Senioren"]
[Site "Bad Zwischenahn(17.11.-29.11.2003)"]
[Date "2003.11.29"]
[Round "7"]
[White "Geibel, Henning"]
[Black "Schwagrowski, Bernd"]
[Result "0-1"]
[WhiteElo "1088"]
[BlackElo "1425"]
[PlyCount "56"]


1. e4 e5 2. Nf3 Nc6 3. Bb5 Nge7 4. d3 a6 5. Bxc6 Nxc6 6. O-O Bc5 7. Nc3 d6 8.
h3 h6 9. a3 f5 10. exf5 Bxf5 11. b4 Bd4 12. Nxd4 Nxd4 13. Bb2 Be6 14. Ne2 Qh4
15. Rc1 O-O-O 16. c3 Nf5 17. d4 e4 18. d5 Bd7 19. Qd2 g5 20. c4 Rhg8 21. Bf6
Rdf8 22. Bc3 g4 23. hxg4 Rxg4 24. Ng3 Re8 25. Nxf5 Bxf5 26. Qe3 Reg8 27. g3 Qh3
28. Rce1 Rh4 0-1

[Event "13sen.WMH 2003 Senioren"]
[Site "Bad Zwischenahn(17.11.-29.11.2003)"]
[Date "2003.11.29"]
[Round "7"]
[White "Gerhardt, Peter-Michael"]
[Black "Petzold, Hilmar"]
[Result "1-0"]
[WhiteElo "2016"]
[BlackElo "1951"]
[PlyCount "147"]


1. d4 Nf6 2. c4 d6 3. Nf3 g6 4. g3 Bg7 5. Bg2 O-O 6. O-O Nbd7 7. Nc3 e5 8. e3
c6 9. b3 Re8 10. dxe5 dxe5 11. Bb2 Qc7 12. Qc2 Nc5 13. e4 Bg4 14. h3 Bd7 15. b4
Ne6 16. Ne2 Nh5 17. c5 h6 18. Rfd1 a5 19. a3 Ng5 20. Nxg5 hxg5 21. Qd2 Be6 22.
Qxg5 axb4 23. axb4 Rxa1 24. Bxa1 Bb3 25. Rd6 b6 26. g4 bxc5 27. bxc5 Qa5 28.
Qc1 Nf6 29. Rxc6 Qa4 30. Rb6 Nd7 31. Rb7 Be6 32. c6 Nc5 33. Qxc5 Qxa1+ 34. Bf1
Bf8 35. Qc3 Qa4 36. Ng3 Bc8 37. Qb3 Qxb3 38. Rxb3 Be6 39. Rb7 Rc8 40. Bb5 Bd6
41. Ne2 Kf8 42. Nc3 Ke8 43. Nd5 Bxd5 44. exd5 Bc7 45. Kf1 Ke7 46. Ke2 Kd6 47.
Bc4 Ra8 48. Rb1 g5 49. Kd3 Ra3+ 50. Bb3 Bb6 51. f3 Ra8 52. Ke4 Bd8 53. Kf5 Ra3
54. Ke4 Bc7 55. Kd3 Ra8 56. Kc4 Ra5 57. Rd1 Ra8 58. Rd2 Ra1 59. Rd1 Ra8 60. Rh1
Rh8 61. Bc2 Rh6 62. Be4 Rh8 63. Ra1 Rxh3 64. Ra8 Rh1 65. Rg8 Rc1+ 66. Kd3 Ra1
67. Rxg5 Ra8 68. Rg7 Ke7 69. Rh7 Rg8 70. Kc4 Rb8 71. g5 Rf8 72. g6 Kf6 73. Kc5
Ke7 74. Rxf7+ 1-0

[Event "13sen.WMH 2003 Senioren"]
[Site "Bad Zwischenahn(17.11.-29.11.2003)"]
[Date "2003.11.29"]
[Round "7"]
[White "Girod, Gudrun"]
[Black "Schulz, Hermann[35Uelzen]"]
[Result "1/2-1/2"]
[WhiteElo "1398"]
[BlackElo "1584"]
[PlyCount "34"]


1. d4 Nf6 2. Nf3 e6 3. e3 d5 4. Bd3 Be7 5. c4 c6 6. O-O O-O 7. Nc3 Nbd7 8. b3
Re8 9. Bb2 Bd6 10. e4 dxe4 11. Nxe4 Nxe4 12. Bxe4 Nf6 13. Bd3 h6 14. a3 Bd7 15.
Re1 c5 16. Ne5 Rc8 17. Nxd7 Nxd7 1/2-1/2

[Event "13sen.WMH 2003 Senioren"]
[Site "Bad Zwischenahn(17.11.-29.11.2003)"]
[Date "2003.11.29"]
[Round "7"]
[White "Grabara, Manfred"]
[Black "Kaiser, Hans[35BGladb]"]
[Result "1-0"]
[WhiteElo "1741"]
[BlackElo "1583"]
[PlyCount "148"]


1. f4 d5 2. e3 Nf6 3. Nf3 Bg4 4. Be2 Nbd7 5. b3 e6 6. Bb2 Ne4 7. O-O f6 8. d3
Nd6 9. Nbd2 Nf5 10. Kf2 Bc5 11. d4 Bd6 12. h3 Bxf3 13. Nxf3 O-O 14. g4 Ne7 15.
Kg2 Qe8 16. c4 c6 17. Bd3 Kh8 18. Qe1 f5 19. g5 g6 20. h4 Kg7 21. Rh1 Rh8 22.
a4 h5 23. Ba3 Qb8 24. Qd2 Bxa3 25. Rxa3 Qd6 26. c5 Qc7 27. b4 a6 28. Rha1 b6
29. b5 axb5 30. axb5 Rxa3 31. Rxa3 Rb8 32. Qc3 Rb7 33. Ra6 Nb8 34. Ra3 Nd7 35.
Qa1 Nc8 36. Nd2 Ra7 37. Rxa7 Nxa7 38. bxc6 Nxc6 39. cxb6 Qxb6 40. Qc3 Nb4 41.
Bb1 Qd6 42. Nb3 Na6 43. Nc5 Nab8 44. Bd3 Kf7 45. Bb5 Qc7 46. Qa3 Nb6 47. Qa5
Qd6 48. Qa7+ Kg8 49. Be8 Nc8 50. Bf7+ Kg7 51. Qb7 Ne7 52. Bxe6 Nbc6 53. Qd7
Qxd7 54. Nxd7 Nd8 55. Nc5 Nxe6 56. Nxe6+ Kf7 57. Nc7 Nc6 58. Nxd5 Ke6 59. Nf6
Nb4 60. Kf3 Nc2 61. Ke2 Nb4 62. Kd2 Kd6 63. e4 fxe4 64. Ke3 Ke6 65. Kxe4 Nc2
66. d5+ Kf7 67. f5 Ne1 68. fxg6+ Kxg6 69. d6 Kf7 70. d7 Ke7 71. Kf4 Nd3+ 72.
Kf5 Nc5 73. g6 Ne6 74. Ke5 Ng5 1-0

[Event "13sen.WMH 2003 Senioren"]
[Site "Bad Zwischenahn(17.11.-29.11.2003)"]
[Date "2003.11.29"]
[Round "7"]
[White "Grassmehl, Gerhard"]
[Black "Budde, Reinhard"]
[Result "1-0"]
[WhiteElo "1721"]
[BlackElo "1575"]
[PlyCount "95"]


1. d4 Nf6 2. c4 g6 3. Nf3 d6 4. Nc3 Bg7 5. e4 O-O 6. Be2 Re8 7. O-O Nbd7 8. Bg5
e5 9. dxe5 dxe5 10. Nd5 c6 11. Nxf6+ Bxf6 12. Bxf6 Qxf6 13. Qc2 Nc5 14. Rfd1
Bg4 15. b4 Na6 16. a3 Rad8 17. Rxd8 Rxd8 18. Rd1 Bxf3 19. Rxd8+ Qxd8 20. Bxf3
Nc7 21. Qd1 Qxd1+ 22. Bxd1 Ne6 23. Kf1 Kg7 24. Ke2 h6 25. g3 Kf6 26. Kd3 g5 27.
c5 Ke7 28. Kc4 b6 29. cxb6 axb6 30. a4 Kd6 31. b5 Nd4 32. f4 f5 33. exf5 Nxf5
34. fxe5+ Kxe5 35. bxc6 Kd6 36. Bf3 Kc7 37. g4 Ne7 38. Kb5 Nc8 39. a5 bxa5 40.
Kxa5 Na7 41. Kb4 Nxc6+ 42. Bxc6 Kxc6 43. Kc4 Kd6 44. Kd4 Ke6 45. Ke4 Kf6 46.
Kd5 h5 47. h3 h4 48. Kd6 1-0

[Event "13sen.WMH 2003 Senioren"]
[Site "Bad Zwischenahn(17.11.-29.11.2003)"]
[Date "2003.11.29"]
[Round "7"]
[White "Hamm, Georg,Dr."]
[Black "Korn, Juergen-Christof"]
[Result "0-1"]
[WhiteElo "2025"]
[BlackElo "1979"]
[PlyCount "88"]


1. Nf3 c5 2. g3 Nc6 3. Bg2 g6 4. d3 Bg7 5. Nbd2 e5 6. e4 d6 7. O-O Nge7 8. c3
O-O 9. Re1 h6 10. Nb3 f5 11. d4 fxe4 12. Rxe4 d5 13. Re1 e4 14. Ne5 c4 15. Nxc6
Nxc6 16. Nd2 Be6 17. f3 Qf6 18. Qe2 Rae8 19. fxe4 Bg4 20. e5 Nxe5 21. Bxd5+ Kh7
22. dxe5 Rxe5 23. Ne4 Rxe4 24. Bxe4 Bxe2 25. Be3 Qe5 26. Rxe2 Qxe4 27. Rae1 Re8
28. Kf2 Qf5+ 29. Kg2 Qd5+ 30. Kg1 Qd3 31. Kf2 Rf8+ 32. Kg1 b6 33. Rd2 Qe4 34.
Rde2 Qc6 35. Bf2 Qf3 36. Be3 Qg4 37. Bf2 Kg8 38. Re4 Qf3 39. R4e2 g5 40. Rd2 g4
41. Re3 Qc6 42. Re7 Bf6 43. Rxa7 Qf3 44. Rd6 Be7 0-1

[Event "13sen.WMH 2003 Senioren"]
[Site "Bad Zwischenahn(17.11.-29.11.2003)"]
[Date "2003.11.29"]
[Round "7"]
[White "Haug, Sverre"]
[Black "Wolffram, Gert"]
[Result "1/2-1/2"]
[WhiteElo "1856"]
[BlackElo "1794"]
[PlyCount "49"]


1. Nf3 Nf6 2. d4 d5 3. c4 e6 4. Nc3 Nbd7 5. Bg5 Be7 6. e3 b6 7. Qa4 O-O 8. Qc6
Ba6 9. Bxf6 Bxf6 10. cxd5 Bxf1 11. Rxf1 e5 12. dxe5 Bxe5 13. Rc1 Bf6 14. Rc2
Nc5 15. Ke2 Re8 16. a3 Re7 17. b4 Bxc3 18. bxc5 Bf6 19. d6 cxd6 20. cxd6 Rd7
21. Rd1 Qe8 22. Nd4 Bxd4 23. Rxd4 Rad8 24. Qb5 Qe6 25. Rcd2 1/2-1/2

[Event "13sen.WMH 2003 Senioren"]
[Site "Bad Zwischenahn(17.11.-29.11.2003)"]
[Date "2003.11.29"]
[Round "7"]
[White "Hellwege, Werner"]
[Black "Brandt, Wilhelm"]
[Result "1-0"]
[WhiteElo "1887"]
[BlackElo "1871"]
[PlyCount "99"]


1. d4 Nf6 2. Nf3 d6 3. c4 g6 4. Nc3 Bg7 5. e4 O-O 6. Be2 e5 7. O-O Nc6 8. d5
Ne7 9. b4 a5 10. bxa5 Rxa5 11. Bd2 Ra8 12. Qc2 b6 13. a4 h6 14. Rfb1 g5 15. Ne1
Ng6 16. Nb5 Nf4 17. Bf1 Ne8 18. a5 bxa5 19. Rxa5 Rxa5 20. Bxa5 Qe7 21. Na7 Bd7
22. Rb7 f5 23. Bxc7 Nxc7 24. Rxc7 Qd8 25. Rb7 fxe4 26. Qxe4 Bf5 27. Qe3 Ng6 28.
Nc6 Qf6 29. c5 Kh8 30. Bc4 e4 31. cxd6 Qxd6 32. Nc2 Ne5 33. Nxe5 Bxe5 34. Rb6
Qe7 35. Rxh6+ Kg7 36. Ra6 Rh8 37. g3 Rc8 38. Ra7 Rc7 39. Rxc7 Bxc7 40. Nd4 Bh3
41. Bf1 Bd7 42. Bg2 Bb6 43. Bxe4 Kh8 44. Qd3 Bh3 45. Nf5 Qe5 46. Qb1 Bc5 47.
Nh6 Qf6 48. Qb8+ Qf8 49. Qxf8+ Bxf8 50. Nf7+ 1-0